000 00746nam a2200217Ia 4500
001 10699
003 GE_BSU
008 181216s||||||||xx |||||||||||||| ||und||
040 _cGE_BSU
080 _a821.353.1-32
100 _aფხაკაძე,სერგო
245 _aქვები გზაზე.
245 _bმოთხრობები.
245 _cრედ.თეიმურაზ ლანჩავა;მხატვ.სოსო ქობალია.
260 _aთბილისი.
260 _bსაბჭ.საქართველო,ქუთაისის ფილიალი.
260 _c1979.
300 _a191გვ;16სმ.
653 _aქვები გზაზე.
942 _cBK
999 _c43950
_d43950